000 01118nam a22003135i 4500
003 EG-ScBUE
005 20260315091554.0
008 110517t2004 maua f b 001 0 eng d
020 _a0750677112 (alk. paper)
020 _a9780750677110
040 _aEG-ScBuE
_beng
_erda
_cEG-ScBuE
_dEG-ScBUE
082 0 4 _a553.28
_bTIA
_222
100 1 _aTiab, Djebbar,
_923862
_eauthor.
245 1 0 _aPetrophysics :
_btheory and practice of measuring reservoir rock and fluid transport properties /
_cDjebbar Tiab, and Erle C. Donaldson.
250 _aSecond edition with new and updated materials.
264 1 _aBurlington, MA :
_bElsevier,
_c[2004]
264 4 _cc2004
300 _axxvi, 889 pages :
_billustrations ;
_c26 cm
336 _2rdacontent
_atext
_btxt
337 _aunmediated
_2rdamedia
_bn
338 _avolume
_bnc
_2rdacarrier
504 _aIncludes bibliographical references and index.
650 7 _aPetroleum
_xGeology.
_923863
_2BUEsh
650 7 _aPetrology.
_923864
_2BUEsh
653 _bENGPET
_cAugust2015
655 _vReading book
700 1 _aDonaldson, Erle C.,
_923865
_eauthor.
942 _cBB
_2ddc
999 _c6284
_d6284